Hledání dimenzí evropské sociální politiky
Nadobudnutím účinnosti zmluvy o Európskej únii sa otvárajú perspektívy pre aktity Spoločenstva v sociálnej oblasti. Zelená kniha vydaná pri príležitosti ratifikácie Maastrichtskej zmluvy má tvoriť základ pre diskusie o ďalších smeroch sociálnej politiky na všetkých úrovniach a o širokom okruhu otázo...
Salvato in:
| Autore principale: | |
|---|---|
| Natura: | Capitolo di libro |
| Lingua: | ceco |
| Soggetti: | |
| Tags: |
Nessun Tag, puoi essere il primo ad aggiungerne!!
|
MARC
| LEADER | 00000naa a2200000 4500 | ||
|---|---|---|---|
| 001 | r016442 | ||
| 005 | 20230221123148.1 | ||
| 041 | 0 | |a cze | |
| 044 | |a CZ | ||
| 245 | 1 | 0 | |a Hledání dimenzí evropské sociální politiky |c Zdeněk Drabeš |
| 520 | |a Nadobudnutím účinnosti zmluvy o Európskej únii sa otvárajú perspektívy pre aktity Spoločenstva v sociálnej oblasti. Zelená kniha vydaná pri príležitosti ratifikácie Maastrichtskej zmluvy má tvoriť základ pre diskusie o ďalších smeroch sociálnej politiky na všetkých úrovniach a o širokom okruhu otázok, ktoré zahrňujú i politiku trhu práce. Dimenzie sociálnej politiky. Sociálna výzva Európe a Európskej únii. Spoločné priority. Situácia v zamestnanosti. Pracovné podmienky. Problémy mladých ľudí. Ekonomická a sociálna úloha starých ľudí. Integrácia postihnutých ľudí. | ||
| 610 | 2 | 0 | |a politika sociálna |
| 610 | 2 | 0 | |a Európska únia |
| 610 | 2 | 0 | |a zmluvy medzinárodné |
| 610 | 2 | 0 | |a Maastricht |
| 610 | 2 | 0 | |a trh práce |
| 610 | 2 | 0 | |a zamestnanosť |
| 610 | 2 | 0 | |a mládež |
| 610 | 2 | 0 | |a dôchodcovia |
| 610 | 2 | 0 | |a invalidi |
| 100 | 1 | |a Drabeš, Zdeněk | |